000 00253nam a2200097Ia 4500
001 719332
005 20250826163041.0
008 250824s9999 xx 000 0 und d
245 0 _aANILAR DÜŞÜNCELER
_cÜMİT YAŞAR OĞUZCAN
260 _bEVEREST YAYINLARI
999 _c719332
_d719332